|
|
|
|
| LEADER |
00000nam a22000007a 4500 |
| 005 |
20210702120145.0 |
| 007 |
cr|||| |||| |
| 008 |
210702s2017 co |||||s|||| 00||0 spa d |
| 020 |
|
|
|a Ediciones de la U, 2017
|
| 035 |
|
|
|a 33429
|
| 040 |
|
|
|a vLex
|
| 090 |
|
|
|c 11840
|d 11840
|
| 100 |
1 |
|
|a Morales Nieto, Enrique
|
| 245 |
1 |
0 |
|a Estrategia empresarial
|h [Recurso electrn̤ico] :
|b La ruta Equity Plus /
|c Enrique Morales Nieto
|
| 256 |
|
|
|a Servicio en ln̕ea
|
| 260 |
|
|
|a Bogot:̀
|b Ediciones de la U,
|c 2017
|
| 300 |
|
|
|a 1 recurso electrn̤ico
|
| 500 |
|
|
|a Unificar los criterios empresariales y visiones de los negocios de los administradores con los de los inversionistas no es tarea fc̀il. En sociedades abiertas y que cotizan en bolsa, las cosas podra̕n lucir un tanto ms̀ fc̀iles en la medida en que el valor del mercado de las acciones de las empresas que cotizan en bolsa en principio puede ser el indicador del equilibrio entre las dos visiones. Los unos producen utilidades que el mercado valora, y los otros quieren que sus acciones valgan ms̀, bien sea porque sus fundamentales como crecimiento, mr̀genes, apalancamiento, etc. ayudan a que las acciones adquieran valor, o bien porque el factor especulativo del mercado hace que la accin̤ se valorice.
|
| 506 |
1 |
|
|a Disponible solo en los productos indicados
|d vLex Global
|d vLex Global (Academic Edition, excluding Law Schools)
|d vLex Global (U.S. Academic Edition, Law Schools)
|d vLex Global (U.S. Academic Edition, excluding Law Schools)
|d vLex Global (Academic Edition, Law Schools)
|
| 650 |
0 |
4 |
|a Administracin̤ (Management)
|z Colombia
|
| 740 |
0 |
|
|a vLex Libros (Servicio en ln̕ea)
|
| 856 |
4 |
0 |
|u https://vlex.com/source/estrategia-empresarial-la-ruta-equity-plus-33429
|z Acceso restringido
|
| 942 |
|
|
|c BOOK
|
| 999 |
0 |
|
|a Management
|